Library of the University of Algiers 3
Ibrahim Sultan Cheibout
شعار جامعة الجزائر 3
مكتبة جامعة الجزائر 3
إبراهيم سلطان شيبوط

سيكولوجية المقابلة / (رقم التسجيلة. 42711)

تفاصيل مارك
000 -LEADER
fixed length control field 02059nam a2200229Ia 4500
003 - CONTROL NUMBER IDENTIFIER
control field Ost
005 - DATE AND TIME OF LATEST TRANSACTION
control field 20260507075054.0
008 - FIXED-LENGTH DATA ELEMENTS--GENERAL INFORMATION
fixed length control field 260507s9999||||xx |||||||||||||| ||und||
020 ## - INTERNATIONAL STANDARD BOOK NUMBER
International Standard Book Number 9084303977
040 ## - CATALOGING SOURCE
Transcribing agency fsecg
041 ## - LANGUAGE CODE
Language code of text/sound track or separate title ara
082 ## - DEWEY DECIMAL CLASSIFICATION NUMBER
Classification number 658.33124
100 ## - MAIN ENTRY--PERSONAL NAME
Personal name والترفانيك، بنجهام
Relator term مؤلف
245 #0 - TITLE STATEMENT
Title سيكولوجية المقابلة /
Statement of responsibility, etc. بنجهام والترفانيك
260 ## - PUBLICATION, DISTRIBUTION, ETC.
Place of publication, distribution, etc. القاهرة:
Name of publisher, distributor, etc. دار قباء للطباعة و النشر,
Date of publication, distribution, etc. 2002
300 ## - PHYSICAL DESCRIPTION
Extent 316 صفحة؛
Dimensions 24 سم
520 ## - SUMMARY, ETC.
Summary, etc. تجد في هذا الكتاب : الفصل الأول : مبادئ اولية-الفصل الثاني : تعلم المقابلة-الفصل الثالث : مقابلة الطلاب-الفصل الرابع : المقابلة في خدمة التوافق المهني ( التوجيه المهني )-الفصل الخامس : البحث عن وظيفة-الفصل السادس : مقابلة المتقدمين للوظائف-الفصل السابع : الاختبار الشفهي في مكاتب الخدمة المدنية-الفصل الثامن : الاختبار الشفهي ( تكملة ) تدريب القائميين بالمقابلة والباحثيين في الميدان-الفصل التاسع : مقابلة العلم بشا العلاقات بين المستخدم وصاحب العمل-الفصل العاشر : استفتاءات الرأي العام والمسح التجاري الشامل-الفصل الحادي عشر : مقابلة ذوي المشكلات : المقابلة في فن خدمة البشر-الفصل الثاني عشر : مقابلة ذوي المشكلات : العيادة النفسية-الفصل الثالث عشر : المقابلة في الصحافة-الفصل الرابع عشر : المقابلة الخاصة بالشهادة القانونية-الفصل الخامس عشر : الخاتمة
653 ## - INDEX TERM--UNCONTROLLED
Uncontrolled term التوظيف
653 ## - INDEX TERM--UNCONTROLLED
Uncontrolled term المقابلة
700 ## - ADDED ENTRY--PERSONAL NAME
Personal name فيكتورمور، وبروس
Relator term مؤلف ثانوي
942 ## - ADDED ENTRY ELEMENTS (KOHA)
Koha item type كتب
المقتنيات
Withdrawn status Lost status Source of classification or shelving scheme Damaged status Not for loan Home library Current library Date acquired Serial enumeration / chronology Inventory number Total checkouts Full call number Barcode Date last seen Price effective from Koha item type
    Dewey Decimal Classification   NOT LOAN / إعارة داخلية مكتبة كلية العلوم الإقتصادية والعلوم التجارية وعلوم التسيير مكتبة كلية العلوم الإقتصادية والعلوم التجارية وعلوم التسيير 07/05/2026 الطابق الأرضي 764/1   أ/764ن1 764/1 07/05/2026 07/05/2026 كتب

موارد الويب المفتوحة


© University of Algiers 3 All Rights Reserved
|
Implemented by LECHELAH Riad